000
00335pam a2200157a 44500
008
230515b1978 xxu||||| |||| 00| 0 eng d
020
_a
NULL
041
_a
ENGLISH
082
_a
KIR
100
_a
KIRKBY M. J.
245
_a
GEOMORPHIC THRESHOLD
250
_a
NULL
260
_a
PUNE
_b
NA
_c
1978
300
_a
20PB
650
_a
NULL
999
_c
661930
_d
661930